Fictional Characters' First Appearance by Year - #1 - Statistics

General Stats
  • This quiz has been taken 3 times
  • The average score is 14 of 20
Answer Stats
Hint Answer % Correct
The Shadow 1930
100%
Captain James T. Kirk 1966
100%
Pac-Man 1980
100%
Katniss Everdeen 2008
100%
Juliet Capulet 1597
67%
Don Quixote 1605
67%
The Cheshire Cat 1865
67%
Dorothy Gale 1900
67%
Tarzan 1912
67%
Mickey Mouse 1928
67%
Bilbo Baggins 1937
67%
Superman 1938
67%
Captain America 1941
67%
James Bond 1953
67%
Kermit the Frog 1955
67%
Doraemon 1969
67%
Freddy Krueger 1984
67%
Sonic the Hedgehog 1990
67%
Rick Grimes 2003
67%
Aloy 2017
33%
No matching quizzes found
Score Distribution
Percent of People with Each Score
Percentile by Number Answered
Your Score History
You have not taken this quiz